000
00295nam a2200085Ia 4500
245
0
_a
Murder in paradise the mystery surrounding the murder of American Lois Livinstons McMillen
100
_a
PULITZER, Lisa New York, 2003
_9
78339
942
_c
BK
008
210817s9999 xx 000 0 und d
999
_c
270522
_d
270519